000 00629nam a2200205 i 4500
001 142438
003 ES-MaACL
005 20250822162349.0
007 t|
008 071005s1972 sp ||||1| spa d
100 1 _aWise, David.
_9117144
245 1 3 _aEl espionaje hoy /
_cDavid Wise, Thomas B. Ross ; [versión española de Domingo Manfredi Cano].
250 _a1ª ed.
260 _aBarcelona :
_bLuis de Caralt,
_c1972.
300 _a336 p. ;
_c20 cm.
700 1 _aRoss, Thomas B.
_999820
700 1 _aManfredi Cano, Domingo,
_d1918-1998
_975997
852 _aES-MaACL
_jC-49424
_bR.84722
999 _c142438
_d142438